Eastern Utah Libraries Catalog: Duchesne, Heber, Roosevelt, & Vernal

The boy who cried wolf : (Record no. 411155)

MARC details
000 -LEADER
fixed length control field 01723cam a2200409 i 4500
001 - CONTROL NUMBER
control field prefix 2023024969
003 - CONTROL NUMBER IDENTIFIER
control field DLC
005 - DATE AND TIME OF LATEST TRANSACTION
control field 20250826114918.0
008 - FIXED-LENGTH DATA ELEMENTS--GENERAL INFORMATION
fixed length control field 230706s2024 ilua b 000 1 eng
010 ## - LIBRARY OF CONGRESS CONTROL NUMBER
LC control number 2023024969
020 ## - INTERNATIONAL STANDARD BOOK NUMBER
International Standard Book Number 9781684506798
Qualifying information (hardcover)
020 ## - INTERNATIONAL STANDARD BOOK NUMBER
International Standard Book Number 9781684049127
Qualifying information (paperback)
020 ## - INTERNATIONAL STANDARD BOOK NUMBER
Cancelled/invalid ISBN 9781684049660
Qualifying information (epub)
040 ## - CATALOGING SOURCE
Original cataloging agency DLC
Language of cataloging eng
Description conventions rda
Transcribing agency DLC
Modifying agency DLC
-- TnLvILS
042 ## - AUTHENTICATION CODE
Authentication code pcc
050 00 - LIBRARY OF CONGRESS CALL NUMBER
Classification number PE1119.2
Item number .C6733 2023
082 04 - DEWEY DECIMAL CLASSIFICATION NUMBER
Classification number [Fic]
Edition number 23/eng/2023111
092 ## - LOCALLY ASSIGNED DEWEY CALL NUMBER (OCLC)
Classification number children nonfiction
Item number Corrigan
100 1# - MAIN ENTRY--PERSONAL NAME
Personal name Corrigan, Kathleen,
Relator term author.
9 (RLIN) 6551376
245 14 - TITLE STATEMENT
Title The boy who cried wolf :
Remainder of title retold story of The boy who cried wolf /
Statement of responsibility, etc by Kathleen Corrigan.
264 #1 - Production, Publication, Distribution, Manufacture, and Copyright Notice.
Place of production, publication, distribution, manufacture [Chicago] :
Name of producer, publisher, distributor, manufacturer Norwood House Press,
Date of production, publication, distribution, manufacture, or copyr [2024]
300 ## - PHYSICAL DESCRIPTION
Extent 24 pages :
Other physical details color illustrations ;
Dimensions 21 cm.
336 ## - Content Type
Content type term text
337 ## - Media type
Media type term unmediated
338 ## - Carrier type
Carrier type term volume
490 0# - SERIES STATEMENT
Series statement Decodables.
500 ## - GENERAL NOTE
General note Fables and Folktales Diphthong: oi, oy.
520 ## - SUMMARY, ETC.
Summary, etc "Learn why telling the truth is important while learning to decode multiple words using r controlled vowel patterns. Each title includes a note to caregiver, word list, and glossary"--
521 ## - TARGET AUDIENCE NOTE
Target audience note Ages 7-9.
Source Norwood House Press.
521 ## - TARGET AUDIENCE NOTE
Target audience note Grades 2-3.
Source Norwood House Press.
650 #0 - SUBJECT ADDED ENTRY--TOPICAL TERM
Topical term or geographic name as entry element English language
General subdivision Diphthongs
Form subdivision Juvenile literature.
9 (RLIN) 6551380
650 #0 - SUBJECT ADDED ENTRY--TOPICAL TERM
Topical term or geographic name as entry element Reading
General subdivision Phonetic method
Form subdivision Juvenile literature.
9 (RLIN) 5744128
655 #7 - INDEX TERM--GENRE/FORM
Genre/form data or focus term Readers (Publications)
Source of term lcgft
9 (RLIN) 5726093
655 #7 - INDEX TERM--GENRE/FORM
Genre/form data or focus term Fiction.
Source of term lcgft
9 (RLIN) 5673940
776 08 - ADDITIONAL PHYSICAL FORM ENTRY
Display text Online version:
Main entry heading Corrigan, Kathleen.
Title Boy who cried wolf
Place, publisher, and date of publication [Chicago] : Norwood House Press, 2023
International Standard Book Number 9781684049660
Record control number (DLC) 2023024970.
942 ## - ADDED ENTRY ELEMENTS (KOHA)
Source of classification or shelving scheme Dewey Decimal Classification
Koha item type BOOK
Holdings
Withdrawn status Lost status Source of classification or shelving scheme Damaged status Not for loan Collection code Home library Current library Shelving location Date acquired Source of acquisition Total Checkouts Full call number Barcode Date last seen Cost, replacement price Price effective from Koha item type
    Dewey Decimal Classification     Children NonFiction Wasatch County Library Wasatch County Library Main Floor Childrens Area 08/26/2025 Penworthy   E Tales Folk Tales Corrigan 34301002165472 08/26/2025 20.95 08/26/2025 BOOK
This project was made possible through a grant from the Institute of Museum and Library Service administered by the Utah State Library Division.

Wasatch County Library

  • 465 East 1200 South, Heber City, Utah 84032
  • Phone 435-654-1511 | Fax 435-654-6456

Hours

  • Monday - Friday 9:30 AM - 8:00 PM
  • Saturday 9:30 AM - 1:30 PM
  • Closed Sundays and Holidays